Reyes de España - Estadísticas

Estadísticas generales
  • Esta prueba ha sido intentada 2.619 veces
    2.606 desde el último reinicio
  • La puntuación promedio es 121 de 216
Estadísticas de respuestas
Reinado Rey % Correcto
Reino de Castilla 1506 Felipe I
97%
Reino de Navarra 1284-1305 Felipe I
97%
Reino de Navarra 1316-1322 Felipe II
97%
Reino de España 1556-1598 Felipe II
97%
Reino de Navarra 1328-1343 Felipe III
97%
Reino de España 1598-1621 Felipe III
97%
Reino de España 1621-1665 Felipe IV
97%
Reino de España 1700-1724 Felipe V
97%
Reino de España 1724-1746 Felipe V
97%
Reino de España 2014- Felipe VI
97%
Reino de Navarra 1322-1328 Carlos I
96%
Reino de España 1516-1556 Carlos I
96%
Reino de Navarra 1349-1387 Carlos II
96%
Reino de España 1665-1700 Carlos II
96%
Reino de Navarra 1387-1425 Carlos III
96%
Reino de España 1759-1788 Carlos III
96%
Reino de España 1788-1808 Carlos IV
96%
Reino de Castilla 1379-1390 Juan I
96%
Reino de Navarra 1316 Juan I
96%
Reino de Aragón 1387-1396 Juan I
96%
Reino de Valencia 1387-1396 Juan I
96%
Reino de Castilla 1406-1454 Juan II
96%
Reino de Navarra 1425-1479 Juan II
96%
Reino de Aragón 1458-1479 Juan II
96%
Reino de Valencia 1458-1479 Juan II
96%
Reino de Navarra 1484-1512 Juan III
96%
Reino de Aragón 1412-1416 Fernando I
94%
Reino de Valencia 1412-1416 Fernando I
94%
Reino de Navarra 1512-1516 Fernando I el Católico
94%
Reino de León 1037-1065 Fernando I el Magno
94%
Reino de León 1157-1188 Fernando II
94%
Reino de Aragón 1479-1516 Fernando II el Católico
94%
Reino de Valencia 1479-1516 Fernando II el Católico
94%
Reino de Castilla 1217-1252 Fernando III
94%
Reino de Castilla 1295-1312 Fernando IV
94%
Reino de España 1746-1759 Fernando VI
94%
Reino de España 1808 Fernando VII
94%
Reino de España 1813-1833 Fernando VII
94%
Reino de Castilla 1474-1504 Isabel I
94%
Reino de España 1833-1868 Isabel II
94%
Reino de España 1975-2014 Juan Carlos I
92%
Reino de León 925-926 Alfonso Froilaz
91%
Reino de Valencia 1285-1291 Alfonso I
91%
Reino de Pamplona 1104-1134 Alfonso I el Batallador
91%
Reino de Aragón 1104-1134 Alfonso I el Batallador
91%
Reino de Asturias 739-757 Alfonso I el Católico
91%
Reino de Aragón 1164-1196 Alfonso II
91%
Reino de Valencia 1327-1336 Alfonso II
91%
Reino de Asturias 783 Alfonso II el Casto
91%
Reino de Asturias 791-842 Alfonso II el Casto
91%
Reino de Aragón 1285-1291 Alfonso III
91%
Reino de Valencia 1416-1458 Alfonso III
91%
Reino de Asturias 866-910 Alfonso III el Magno
91%
Reino de León 926-931 Alfonso IV
91%
Reino de Aragón 1327-1336 Alfonso IV
91%
Reino de León 1188-1230 Alfonso IX
91%
Reino de Galicia 1111-1126 Alfonso Raimúndez
91%
Reino de León 999-1028 Alfonso V
91%
Reino de Aragón 1416-1458 Alfonso V
91%
Reino de León 1065-1072 Alfonso VI
91%
Reino de León 1072-1109 Alfonso VI
91%
Reino de Galicia 1071-1072 Alfonso VI
91%
Reino de Castilla 1072-1109 Alfonso VI
91%
Reino de León 1126-1157 Alfonso VII
91%
Reino de Castilla 1126-1157 Alfonso VII
91%
Reino de Castilla 1158-1214 Alfonso VIII
91%
Reino de Castilla 1252-1284 Alfonso X el Sabio
91%
Reino de Castilla 1312-1350 Alfonso XI
91%
Reino de España 1874-1885 Alfonso XII
91%
Reino de España 1886-1931 Alfonso XIII
91%
Reino de España 1808-1813 José I Bonaparte
85%
Reino de España 1870-1873 Amadeo I de Saboya
79%
Reino de Navarra 1305-1316 Luis I
78%
Reino de España 1724 Luis I
78%
Reino de Castilla 1504-1555 Juana I
73%
Reino de Navarra 1274-1305 Juana I
73%
Reino de Navarra 1328-1349 Juana II
73%
Reino de Navarra 1516-1555 Juana II la Loca
73%
Reino de Aragón 1516-1555 Juana I la Loca
73%
Reino de Valencia 1516-1555 Juana I la Loca
73%
Reino de Castilla 1350-1366 Pedro I
63%
Reino de Castilla 1367-1369 Pedro I
63%
Reino de Pamplona 1094-1104 Pedro I
63%
Reino de Aragón 1094-1104 Pedro I
63%
Reino de Valencia 1276-1285 Pedro I el Grande
63%
Reino de Aragón 1196-1213 Pedro II
63%
Reino de Valencia 1336-1387 Pedro II
63%
Reino de Aragón 1276-1285 Pedro III el Grande
63%
Reino de Aragón 1336-1387 Pedro IV
63%
Reino de Asturias 718-737 Don Pelayo
62%
Reino de León 956-958 Sancho I
60%
Reino de León 960-966 Sancho I
60%
Reino de Mallorca 1311-1324 Sancho I
60%
Reino de León 1072 Sancho II
60%
Reino de Galicia 1071-1072 Sancho II
60%
Reino de Castilla 1065-1072 Sancho II
60%
Reino de Castilla 1157-1158 Sancho III
60%
Reino de Castilla 1284-1295 Sancho IV
60%
Reino de Galicia 926-929 Sancho Ordóñez
60%
Reino de Aragón 1063-1094 Sancho Ramírez
60%
Reino de Navarra 1150-1194 Sancho VI
60%
Reino de Navarra 11941234 Sancho VII
60%
Reino de Pamplona 1076-1094 Sancho V Ramírez
60%
Reino de Aragón 1213-1276 Jaime I el Conquistador
59%
Reino de Valencia 1239-1276 Jaime I el Conquistador
59%
Reino de Mallorca 1230-1276 Jaime I el Conquistador
59%
Reino de Aragón 1291-1327 Jaime II
59%
Reino de Valencia 1291-1327 Jaime II
59%
Reino de Mallorca 1276-1311 Jaime II
59%
Reino de Mallorca 1324-1349 Jaime III
59%
Reino de Toledo 710-711 Rodrigo
57%
Reino de Castilla 1214-1217 Enrique I
55%
Reino de Navarra 1271-1274 Enrique I
55%
Reino de Castilla 1366-1367 Enrique II
55%
Reino de Castilla 1367-1379 Enrique II
55%
Reino de Castilla 1390-1406 Enrique III
55%
Reino de Castilla 1454-1474 Enrique IV
55%
Reino de Toledo 586-601 Recaredo I
52%
Reino de Toledo 621 Recaredo II
52%
Reino de Galicia 1107-1109 Urraca
51%
Reino de León 1109-1126 Urraca I
51%
Reino de Castilla 1109-1126 Urraca I
51%
Reino de Toledo 570-586 Leovigildo
47%
Reino de Navarra 1479-1483 Francisco I Febo
44%
Reino de León 910-914 García I
43%
Reino de Galicia 1065-1071 García I
43%
Reino de Pamplona 852-882 García Íñiguez
43%
Reino de Pamplona 1134-1150 García Ramírez
43%
Reino de Asturias 842-850 Ramiro I
42%
Reino de Aragón 1035-1063 Ramiro I
42%
Reino de Aragón 1134-1157 Ramiro II
42%
Reino de León 931-951 Ramiro II el Grande
42%
Reino de León 966-985 Ramiro III
42%
Reyes Visigodos 395-410 Alarico I
37%
Reino de Tolosa 484-507 Alarico II
37%
Reino de Toledo 649-672 Recesvinto
37%
Reino de Toledo 672-680 Wamba
36%
Reino de Galicia 910-914 Ordoño Adefónsiz
35%
Reino de Asturias 850-866 Ordoño I
35%
Reino de León 914-924 Ordoño II
35%
Reino de León 951-956 Ordoño III
35%
Reino de León 958-960 Ordoño IV
35%
Reino de Pamplona 816-852 Íñigo Arista
34%
Reino de Toledo 700-710 Witiza
34%
Reino de Navarra 1479 Leonor I
33%
Reino de Tolosa 418-451 Teodorico I
33%
Reino de Tolosa 453-466 Teodorico II
33%
Reyes Visigodos 410-415 Ataúlfo
32%
Reino de Aragón 1396-1410 Martín I
32%
Reino de Valencia 1396-1410 Martín I
32%
Reino de Navarra 1425-1441 Blanca
29%
Reino de Navarra 1483-1512 Catalina I
29%
Reino de Asturias 757-768 Fruela I
28%
Reino de Asturias 910-925 Fruela II
28%
Reino de León 924-925 Fruela II
28%
Reino de Toledo 549-554 Agila I
26%
Reino de Toledo 710-713 Agila II
26%
Reino de Asturias 789-791 Bermudo I
26%
Reino de León 985-999 Bermudo II
26%
Reino de León 1028-1037 Bermudo III
26%
Reino de Galicia 981-985 Bermudo Ordóñez
26%
Reino de Toledo 642-653 Chindasvinto
26%
Reino de Asturias 737-739 Favila
26%
Reino de Aragón 1157-1164 Petronila I
26%
Reino de Galicia 1096-1107 Raimundo de Borgoña
25%
Reino de Pamplona 905-925 Sancho Garcés I
25%
Reino de Pamplona 970-994 Sancho Garcés II
25%
Reino de Pamplona 1004-1035 Sancho Garcés III
25%
Reino de Pamplona 1054-1076 Sancho Garcés IV
25%
Reino de Castilla 1217 Berenguela
24%
Reino de Pamplona 925-970 García Sánchez I
24%
Reino de Pamplona 994-1004 García Sánchez II
24%
Reino de Pamplona 1035-1054 García Sánchez III
24%
Reino de Toledo 612-621 Sisebuto
24%
Reino de Tolosa 466-484 Eurico
23%
Reyes Suevos de Gallaecia 583-584 Eurico
23%
Reyes Visigodos 415-418 Walia
23%
Intermedio Ostrogodo 511-531 Amalarico
22%
Reino de Toledo 568-573 Liuva I
22%
Reino de Toledo 601-603 Liuva II
22%
Reino de Asturias 768-774 Aurelio
20%
Reino de Navarra 1234-1253 Teobaldo I
20%
Reino de Navarra 1253-1270 Teobaldo II
20%
Reino de Toledo 687-702 Égica
19%
Reino de Pamplona 882-905 Fortún Garcés
19%
Reino de Asturias 783-789 Mauregato
19%
Reyes Visigodos 415 Sigerico
19%
Reino de Asturias 774-783 Silo
19%
Reino de Toledo 621-631 Suintila
19%
Reino de Tolosa 451-453 Turismundo
19%
Reino de Toledo 551-567 Atanagildo
17%
Reino de Toledo 603-610 Witerico
17%
Reino de Toledo 680-687 Ervigio
16%
Reyes Suevos de Gallaecia 570-583 Miro
16%
Reino de Toledo 631-636 Sisenando
16%
Intermedio Ostrogodo 531-548 Teudis
16%
Reino de Toledo 610-612 Gundemaro
15%
Reyes Suevos de Gallaecia 561-570 Teodomiro
15%
Reino de Toledo 636-639 Chintila
14%
Intermedio Ostrogodo 507-511 Gesaleico
14%
Intermedio Ostrogodo 548-549 Teudiselo
14%
Reyes Suevos de Gallaecia 409-438 Hermerico
13%
Reyes Suevos de Gallaecia 448-456 Requiario
13%
Reyes Suevos de Gallaecia 438-448 Requila
13%
Reino de Toledo 639-642 Tulga
13%
Reyes Suevos de Gallaecia 585 Malarico
12%
Reyes Suevos de Gallaecia 457 Frantán
11%
Reyes Suevos de Gallaecia ¿? Teodemundo
11%
Reyes Suevos de Gallaecia ¿? Veremundo
11%
Reyes Suevos de Gallaecia 584-585 Andeca
10%
Reyes Suevos de Gallaecia 550-559 Carriarico
10%
Reyes Suevos de Gallaecia 460-464 Frumario
10%
Reyes Suevos de Gallaecia 456-460 Maldras
10%
Reyes Suevos de Gallaecia 457-¿? Remismundo
10%
Reyes Suevos de Gallaecia 559-561 Ariamiro
9%
Reyes Suevos de Gallaecia 456-457 Agiulfo
8%
No se encontraron pruebas coincidentes
Distribución de puntuación
Porcentaje de gente con cada puntuación
Porcentaje por número respondido
Historial de tus puntuaciones
No has intentado esta prueba desde el último reinicio